000 02421cam a22005174 4500
001 198130
005 20260522161045.0
008 260219s2000 sp | o||| ||spa
016 7 _abimoBNE20010457949
_2SpMaBN
017 _aB 42790-2000
_bOficina Depósito Legal Barcelona
020 _a8477827214
035 _a(OCoLC)434346946
035 _a(SpMaBN)Mimo0001676228
040 _aSpMaBN
_bspa
_cSpMaBN
_erdc
080 _a929 Sessé y Lacasta, Martín de
080 _a929 Mociño, José Mariano
080 _a910.4(72)"17/18"
080 _a930.255(460.27 M.)
080 _a581.9(72)(0:74)
080 _a016:74.034(72)
245 0 3 _aEl águila y el nopal
_bla expedición de Sessé y Mociño a Nueva España (1787-1803) : catálogo de los fondos documentales del Real Jardín Botánico de Madrid
_cautores, Salvador Bernabéu Albert ... [et al.] ; coordinación y edición general de la obra, María Pilar de San Pío Aladrén, Miguel Ángel Puig-Samper
260 _aMadrid
_bLunwerg
_c2000
300 _a229 p.
_bil. col. y n.
_c29 cm
336 _2rdacontent
_atexto
337 _2rdamedia
_asin mediación
338 _2rdacarrier
_avolumen
500 _aRegistro provisional. A-15998. Depósito 1
594 _aEn la port.: Real Jardín Botánico, Consejo Superior de Investigaciones Científicas; Caja Madrid, Obra Social
600 1 7 _aSessé y Lacasta, Martín de
_2embne
_9242860
600 1 7 _aMociño, José Mariano
_2embne
_9242861
610 2 7 _aReal Jardín Botánico
_bArchivo
_vCatálogos
_2embne
_9242862
611 2 7 _aReal Expedición Botánica de Nueva España
_d1787-1803
_2embne
_9172622
700 1 _aBernabéu Albert, Salvador
_d1960-
_9242863
700 1 _aSan Pío Aladrén, María Pilar de
_9242864
700 1 _aPuig-Samper, Miguel Ángel
_994278
710 2 _aReal Jardín Botánico
_96359
852 _aES-MaACL
_cDEPO1
_jA-15998
_hDonación: José Lázaro García
_xEncuadernación cartoné
_zEn proceso
942 _2udc
_cMONOGRAFIA
_n0
956 _a1 2
980 _aB 42790-2000
_a84-7782-721-4
_aSpMaBN
_bBNMADRID
_j9/211244
_cSG_RECOLET
980 _aB 42790-2000
_a84-7782-721-4
_aSpMaBN
_bBNALCALA
_jAHM/498825
_cSG_PETANTI
980 _aB 42790-2000
_a84-7782-721-4
_aSpMaBN
_bBNALCALA
_jDL/1051661
_cCONSERVACI
999 _c198130
_d198130